|
|
|
|
| LEADER |
01036nam a2200241 a 4500 |
| 001 |
12305479 |
| 008 |
090602s2002 njua b 001 0 eng d |
| 010 |
|
|
|a 2001021273
|
| 020 |
|
|
|a 0130909475
|
| 082 |
0 |
0 |
|a 658.4/5
|2 21
|
| 100 |
1 |
|
|a Thill, John V.
|
| 245 |
1 |
0 |
|a Excellence in business communication /
|c John V. Thill, Courtland L. Bovée.
|
| 250 |
|
|
|a 5th ed.
|
| 260 |
|
|
|a Upper Saddle River, N.J. :
|b Prentice Hall,
|c c2002.
|
| 300 |
|
|
|a xxxv, 539, 10, 4, 12 p. :
|b col. ill. ;
|c 28 cm.
|
| 500 |
|
|
|a Supplemented by a companion Web site.
|
| 504 |
|
|
|a Includes bibliographical references (p. 1-10 (3rd group)) and indexes.
|
| 541 |
1 |
|
|e 00009871
|
| 650 |
|
0 |
|a Business communication
|z United States
|v Case studies.
|
| 700 |
1 |
|
|a Bovée, Courtland L.
|
| 852 |
4 |
|
|a Ayesha Abed Library
|j General Shelf.
|
| 999 |
|
|
|c 1401
|d 1401
|
| 952 |
|
|
|0 0
|1 0
|2 ddc
|4 0
|6 658_450000000000000_THI
|7 0
|9 1280
|a BRACUL
|b BRACUL
|c GEN
|d 2009-06-25
|g 0.00
|l 22
|m 118
|o 658.45 THI
|p 3010009871
|r 2025-01-19
|s 2024-11-13
|t 1
|w 2009-06-25
|y BK
|x No price found in the accession register.
|